[Event "Donations no flowers"]
[Site "http://www.queenalice.com/game.php?id=1419631"]
[Date "2016.4.24"]
[Round "-"]
[White "Gadou"]
[Black "holy_mn"]
[Result "0-1"]
[WhiteElo "1558"]
[BlackElo "1593"]

1. e4 e5 2. c3 Nf6 3. Qc2 d5 4. Bb5+ c6 5. Bd3 dxe4 6. Bc4 Bc5 7. Qb3 O-O 8. d3
exd3 9. Qd1 Bf5 10. Nf3 Re8 11. Ng5 Bg6 12. Qb3 Re7 13. O-O Ne4 14. Nxe4 Bxe4
15. Bg5 h6 16. Bxe7 Qxe7 17. Nd2 Bg6 18. Rae1 Qg5 19. g3 Qxd2 20. Rxe5 b6 21.
Re8+ Kh7 22. Rd1 Qxf2+ 23. Kh1 Qf3# 0-1

[Event "Gol Gol"]
[Site "http://www.queenalice.com/game.php?id=1420956"]
[Date "2016.5.2"]
[Round "-"]
[White "Gadou"]
[Black "Bategoll"]
[Result "0-1"]
[WhiteElo "1479"]
[BlackElo "1906"]

1. e4 e5 2. Bc4 d5 3. exd5 Nf6 4. Qe2 Bd6 5. d4 e4 6. Bb5+ Bd7 7. Bd2 O-O 8. Nc3
h6 9. O-O-O Kh8 10. h3 Bf5 11. g4 Bh7 12. a3 a6 13. Bc4 b5 14. Ba2 Nbd7 15. a4
b4 16. Nb1 a5 17. Bc4 Nb6 18. Bb5 Nbxd5 19. c4 Nf4 20. Bxf4 Bxf4+ 21. Kc2 e3+
22. Kc1 exf2+ 23. Nd2 fxg1=N 24. Rhxg1 Bxd2+ 25. Rxd2 Ne4 26. Rd3 Qg5+ 27. Kc2
Nd6 28. Bc6 Rab8 29. d5 Nxc4 30. Kb3 Bxd3 31. Qxd3 Ne5 32. Qe4 Nxc6 33. dxc6
Rfe8 34. Qf3 Re3+ 0-1

[Event "Challenge"]
[Site "http://www.queenalice.com/game.php?id=1420958"]
[Date "2016.5.2"]
[Round "-"]
[White "Kitof"]
[Black "Gadou"]
[Result "1-0"]
[WhiteElo "1350"]
[BlackElo "1479"]

1. e4 e5 2. c4 Bc5 3. Nc3 Bd4 4. Rb1 Qf6 5. f3 Nh6 6. Nd5 Qc6 7. b4 a6 8. b5
axb5 9. Rxb5 Rxa2 10. Qb3 Ra1 11. Kd1 O-O 12. Ne7+ 1-0

[Event "Challenge"]
[Site "http://www.queenalice.com/game.php?id=1424842"]
[Date "2016.5.26"]
[Round "-"]
[White "Gadou"]
[Black "armandocosta"]
[Result "1/2-1/2"]
[WhiteElo "1505"]
[BlackElo "1853"]

1. e4 c5 2. c3 d5 3. e5 e6 4. Bb5+ Bd7 5. Bd3 c4 6. Be2 Bc5 7. d4 cxd3 8. Qxd3
Nc6 9. h4 Nxe5 10. Qd1 Qb6 11. Nh3 Bb5 12. Qb3 Bxe2 13. Qxb6 Bxb6 14. Kxe2 Nf6
15. Re1 Nfg4 16. Bf4 Bc7 17. Na3 a6 18. b4 Rc8 19. Nc2 Nc4 20. Bxc7 Rxc7 21. f3
Nge5 22. a4 O-O 23. Ne3 Nxe3 24. Kxe3 Rxc3+ 25. Kd4 Nxf3+ 26. Kxc3 Nxe1 27. Rxe1
Rc8+ 28. Kd3 h6 29. Nf4 Rc6 30. g4 g5 31. hxg5 hxg5 32. Nh5 Kh7 33. Nf6+ Kg6 34.
Nh5 f5 35. gxf5+ Kxf5 36. Ng7+ Kf6 37. Nh5+ Kg6 38. Rh1 Rc4 39. Ng3 Rh4 40. Rc1
Rxb4 41. a5 Rg4 42. Ne2 e5 43. Rc7 e4+ 44. Kd4 e3+ 45. Kxe3 Ra4 46. Rxb7 Rxa5
47. Kd4 Rb5 48. Rd7 g4 49. Nc3 Rb4+ 50. Kxd5 a5 51. Rd6+ Kf5 52. Kc5 Rb3 53. Kc4
Rb8 54. Rd5+ Kf4 55. Rxa5 Ke3 56. Re5+ Kf4 57. Re4+ Kf3 58. Re5 g3 59. Rf5+ Kg4
60. Rf1 Rh8 61. Rg1 Rh2 62. Kd3 Kf3 63. Rxg3+ Kxg3 64. Ne4+ Kf4 65. Nd2 Rh8 66.
Kc3 Rd8 67. Nc4 Ke4 68. Nd2+ Ke3 69. Nc4+ Kf4 70. Nd2 Ra8 71. Kd3 Ra1 72. Ke2
Ra2 73. Kd3 Ra5 74. Nc4 Ra1 75. Nd2 Rh1 76. Ke2 Rc1 1/2-1/2

[Event "Good Player"]
[Site "http://www.queenalice.com/game.php?id=1425189"]
[Date "2016.5.28"]
[Round "-"]
[White "Bategoll"]
[Black "Gadou"]
[Result "1/2-1/2"]
[WhiteElo "1883"]
[BlackElo "1477"]

1. d3 b5 2. e4 d6 3. d4 c6 4. f4 Bb7 5. Nf3 Qa5+ 6. c3 Qc7 7. Bd3 Nd7 8. Be3 f6
9. O-O g6 10. Nbd2 a6 11. Re1 Bh6 12. b4 e6 13. Nb3 Ne7 14. h3 O-O-O 15. g4 Rhg8
16. a3 g5 1/2-1/2

[Event "Challenge"]
[Site "http://www.queenalice.com/game.php?id=1425398"]
[Date "2016.5.29"]
[Round "-"]
[White "recchdegomm1"]
[Black "Gadou"]
[Result "0-1"]
[WhiteElo "1229"]
[BlackElo "1555"]

1. e4 e5 2. Nc3 c6 3. Nf3 f6 4. Bc4 Nh6 5. a4 Bb4 6. d4 Qe7 7. Nh4 g5 8. Qh5+
Nf7 9. Nf5 Qf8 10. O-O d6 11. Qd1 h5 12. a5 b5 13. Bd3 exd4 14. Ne2 Ne5 15.
Nexd4 Nxd3 16. Qxd3 d5 17. Re1 Bxe1 18. Qe3 Bb4 19. exd5+ Be7 20. Qe4 Qf7 21.
Ne6 Bd6 22. Nxd6+ Ke7 23. Nxf7 Kxf7 24. Nc7 Bb7 25. b4 cxd5 26. Nxd5 Nd7 27. a6
Rae8 28. Ne7 Bxe4 29. Nc6 Bxc6 30. Be3 Re4 31. Bxa7 Rhe8 32. Kf1 Rxb4 33. Be3
Rb2 34. f4 Rxc2 35. fxg5 Rxe3 0-1

[Event "Challenge"]
[Site "http://www.queenalice.com/game.php?id=1425959"]
[Date "2016.6.2"]
[Round "-"]
[White "Gadou"]
[Black "Bategoll"]
[Result "1/2-1/2"]
[WhiteElo "1491"]
[BlackElo "1962"]

1. e4 e5 2. c3 d6 3. Qa4+ Nc6 4. Na3 Nf6 5. Nb5 Be7 6. Be2 Bd7 7. Qb3 O-O 8. Bc4
a6 9. Na3 Nxe4 10. Bd5 Nc5 11. Qc4 b5 12. Nxb5 axb5 13. Qxb5 Kh8 14. Nf3 Nd4 15.
Qc4 Nc2+ 16. Kf1 Nxa1 17. h3 Nc2 18. Bxa8 Qxa8 19. a3 e4 20. Nd4 Nxd4 21. cxd4
Na6 22. Rh2 f6 23. d5 Rb8 24. g4 Bb5 25. Qxb5 Rxb5 26. f4 Qxd5 27. Re2 Nc5 28.
Kf2 Nd3+ 29. Kg3 Nxc1 30. Re3 Qxd2 31. Rxe4 Bf8 32. g5 Qd3+ 1/2-1/2

[Event "Sergio the generous:)"]
[Site "http://www.queenalice.com/game.php?id=1427320"]
[Date "2016.6.12"]
[Round "-"]
[White "Gadou"]
[Black "Bategoll"]
[Result "1/2-1/2"]
[WhiteElo "1519"]
[BlackElo "1929"]

1. e4 e5 2. c3 d5 3. Qa4+ c6 4. h3 b5 5. Bxb5 cxb5 6. Qxb5+ Qd7 7. Qxd7+ Bxd7 8.
Nf3 dxe4 9. Nxe5 Be6 10. b3 Nf6 11. a3 Be7 12. d3 Na6 13. Nc6 exd3 14. Nxe7 Kxe7
15. c4 Bf5 16. O-O Rhe8 17. Re1+ Kf8 18. Be3 Rad8 19. Nd2 Kg8 20. Bxa7 Rxe1+ 21.
Rxe1 Re8 22. Rxe8+ Nxe8 23. g4 Bg6 24. f4 h5 25. f5 Bh7 26. b4 hxg4 27. hxg4 g6
28. c5 gxf5 29. g5 f4 30. b5 Nxc5 31. Bxc5 Bf5 32. a4 Nc7 33. b6 Na6 34. Bd6 Bd7
35. a5 Bc6 36. Bxf4 Kg7 37. Nc4 Bd5 38. Ne5 Be4 39. Nc4 Bd5 40. Nd2 Kg6 41. Kf2
Nb4 42. Kg3 Bb7 43. Kg4 Nc6 44. Nc4 1/2-1/2

[Event "Challenge"]
[Site "http://www.queenalice.com/game.php?id=1428250"]
[Date "2016.6.20"]
[Round "-"]
[White "armandocosta"]
[Black "Gadou"]
[Result "1-0"]
[WhiteElo "1804"]
[BlackElo "1561"]

1. e4 e5 2. d4 Bb4+ 3. Bd2 Qe7 4. d5 Bc5 5. Bc4 Qf6 6. Nf3 a6 7. O-O b5 8. Bb3
h6 9. c4 g5 10. h3 d6 11. Nc3 Ne7 12. Nh2 Bd7 13. Ng4 Qg7 14. Be3 h5 15. Bxc5
Qh7 16. Nf6+ Kf8 17. Nxh7+ Rxh7 18. Be3 c5 19. f4 exf4 20. Bxf4 g4 21. Bxd6 Rh6
22. Bxe7+ Kxe7 23. e5 f5 24. d6+ Ke6 25. Qd5# 1-0

[Event "It's Father's day here today"]
[Site "http://www.queenalice.com/game.php?id=1428261"]
[Date "2016.6.20"]
[Round "-"]
[White "Gadou"]
[Black "Bategoll"]
[Result "1-0"]
[WhiteElo "1533"]
[BlackElo "1834"]

1. e4 e5 2. c3 d6 3. Bb5+ Nc6 4. Qf3 Bd7 5. Bc4 Qe7 6. b4 Nf6 7. Ba3 a6 8. h3 g6
9. d3 Bg7 10. b5 axb5 11. Bxb5 O-O 12. Ne2 Rfe8 13. d4 Qd8 14. d5 Ne7 15. Bc4 c5
16. O-O b5 17. Bd3 c4 18. Bc2 Nc8 19. Bc1 Nb6 20. g4 Bc8 21. a4 Bb7 22. Na3 bxa4
23. Rb1 Ba6 24. Be3 Nbd7 25. Rb4 Nc5 26. Rfb1 Nb3 27. Rxa4 Qd7 28. Rb4 Bb7 29.
Nxc4 Bxd5 30. exd5 e4 31. Qg3 Nc5 32. Nxd6 Nd3 33. Nxe8 Rxe8 34. Rb8 Rxb8 35.
Rxb8+ Bf8 36. Bh6 Ne8 37. Qe3 Ne5 38. Bxf8 Kxf8 39. Bxe4 Nxg4 40. Qc5+ Kg7 41.
Qd4+ 1-0

[Event "Los dos Amigos:)"]
[Site "http://www.queenalice.com/game.php?id=1429955"]
[Date "2016.7.2"]
[Round "-"]
[White "Gadou"]
[Black "Bategoll"]
[Result "0-1"]
[WhiteElo "1549"]
[BlackElo "1938"]

1. e4 e5 2. c3 Nf6 3. f3 Nxe4 4. fxe4 Qh4+ 5. g3 Qxe4+ 6. Qe2 Qxh1 7. Qxe5+ Be7
8. Qxc7 Qe4+ 9. Ne2 O-O 10. Qf4 Qxf4 11. Nxf4 Nc6 12. Nd5 Bd8 13. Kf2 a5 14. a4
Ne7 15. Ne3 Bb6 16. d4 Ng6 17. Nd2 d6 18. Nd5 Bd8 19. Bc4 Be6 20. Nc7 Bxc7 21.
Be2 d5 22. b4 axb4 23. cxb4 f5 24. Nb3 b6 25. Bb5 Bd6 26. Bd2 f4 27. a5 bxa5 28.
bxa5 fxg3+ 29. Kg2 Nh4+ 30. Kg1 gxh2+ 31. Kh1 Nf3 32. Be3 g5 33. Rc1 Bh3 34. Bc6
g4 35. Bxd5+ Kh8 36. Bxa8 Rxa8 37. Rc6 Bg3 38. d5 Ne5 39. Rc3 Be1 40. Rc2 g3 41.
Bd4 Re8 42. d6 Kg8 43. a6 Nf3 44. d7 Bxd7 45. Kg2 Nxd4 46. Nxd4 h5 47. Nf3 Bf2
48. Nxh2 h4 49. a7 Bxa7 50. Rc7 h3+ 51. Kxg3 Bb8 0-1

[Event "Challenge"]
[Site "http://www.queenalice.com/game.php?id=1430549"]
[Date "2016.7.6"]
[Round "-"]
[White "Gadou"]
[Black "armandocosta"]
[Result "0-1"]
[WhiteElo "1555"]
[BlackElo "1810"]

1. e4 c5 2. c3 Nc6 3. Bc4 Ne5 4. Be2 Nf6 5. h3 d5 6. f4 Nc6 7. e5 Ne4 8. Rh2 e6
9. d3 Qh4+ 10. g3 Qxg3+ 11. Rf2 Qxf2# 0-1

[Event "Campieao"]
[Site "http://www.queenalice.com/game.php?id=1432108"]
[Date "2016.7.18"]
[Round "-"]
[White "Gadou"]
[Black "Bategoll"]
[Result "0-1"]
[WhiteElo "1547"]
[BlackElo "1926"]

1. e4 e5 2. Bc4 Bc5 3. Nf3 Nf6 4. Nxe5 O-O 5. Qf3 c6 6. O-O d6 7. Bxf7+ Rxf7 8.
Nxf7 Kxf7 9. c3 Kg8 10. d4 Bb6 11. a3 a5 12. Qd3 Qe8 13. Re1 Qg6 14. Qc4+ Kh8
15. f3 Bh3 16. Re2 Na6 17. b4 h6 18. Be3 d5 19. Qd3 Nc7 20. Bf4 dxe4 21. fxe4
Re8 22. Qxh3 Nb5 23. Be3 Rxe4 24. Qc8+ Kh7 25. Nd2 Rg4 26. g3 Nxc3 27. Rg2 Nfe4
28. Nxe4 Rxe4 29. Rf1 Rxe3 30. Rf8 Re1+ 31. Kf2 Re2+ 32. Kf3 Qd3+ 33. Kf4 Qxd4+
34. Kf3 Re3+ 35. Kf2 Re8+ 36. Kf3 Rxc8 37. Rxc8 Qe3+ 38. Kg4 Qe6+ 39. Kf4 Qxc8
40. Rc2 axb4 41. axb4 g5+ 0-1

[Event "Challenge"]
[Site "http://www.queenalice.com/game.php?id=1432845"]
[Date "2016.7.23"]
[Round "-"]
[White "Wefferson44"]
[Black "Gadou"]
[Result "1-0"]
[WhiteElo "1300"]
[BlackElo "1541"]

1. e4 e5 2. Bc4 Nh6 3. d3 f6 4. a3 c6 5. Bxh6 gxh6 6. Qh5+ Ke7 7. Nf3 Qe8 8. Qh4
d6 9. d4 Qg6 10. Qg3 Qxe4+ 11. Kd1 Bf5 12. Bd3 Qg4 13. Bxf5 Qxg3 14. hxg3 Na6
15. Nc3 Kf7 16. d5 Nc5 17. b4 e4 18. Nxe4 cxd5 19. Nc3 Ne4 20. Nxe4 dxe4 21.
Bxe4 Rb8 22. c3 Ke6 23. Re1 f5 24. Bxb7+ Kd7 25. Bd5 Bg7 26. Kd2 Rbc8 27. Be6+
Kc7 28. Bxc8 Rxc8 29. Re7+ Kb6 30. Rxg7 a5 31. Rxh7 a4 32. Rxh6 1-0

[Event "Rio and the Olympics"]
[Site "http://www.queenalice.com/game.php?id=1433409"]
[Date "2016.7.27"]
[Round "-"]
[White "Gadou"]
[Black "Bategoll"]
[Result "0-1"]
[WhiteElo "1545"]
[BlackElo "1856"]

1. e4 e5 2. Bc4 Nc6 3. c3 d6 4. Bd5 Nf6 5. Bc4 Be7 6. Nf3 O-O 7. Ng5 a6 8. Qb3
d5 9. exd5 Nxd5 10. Bxd5 Bxg5 11. O-O Na5 12. Qd1 Qxd5 13. Qe2 b5 14. b4 Bb7 15.
f3 Nc6 16. Bb2 Kh8 17. Na3 f5 18. c4 bxc4 19. Nxc4 Nxb4 20. Rac1 Nxa2 21. Rc2
Nb4 22. Rc3 Rae8 23. Rb3 c5 24. Nb6 Qxd2 25. Qxd2 Bxd2 26. Nd7 Rf7 27. Nxc5 Bd5
28. Ra3 Bc4 29. Ra4 Bb5 30. Ra3 f4 31. Rd1 Be3+ 32. Kh1 Bxc5 33. g4 Nd3 34. Rd2
Nxb2 35. Rxb2 Bxa3 36. Rb3 Bc1 37. Rc3 Be3 38. Kg2 h6 39. h4 Rd8 40. Kh3 Rd1 41.
Rc8+ Kh7 42. Re8 Be2 43. Rxe5 Bxf3 44. g5 Rh1# 0-1

[Event "Bem Jogo amigo:)"]
[Site "http://www.queenalice.com/game.php?id=1434849"]
[Date "2016.8.5"]
[Round "-"]
[White "Gadou"]
[Black "Bategoll"]
[Result "1/2-1/2"]
[WhiteElo "1541"]
[BlackElo "1917"]

1. e4 e5 2. a3 Bc5 3. Nh3 d5 4. Qf3 Nf6 5. Bb5+ c6 6. Be2 dxe4 7. Qg3 Bf5 8.
Qxe5+ Be6 9. Qxc5 Nbd7 10. Qd6 Qc8 11. Ng5 Bf5 12. Bc4 Bg6 13. O-O h6 14. Nxf7
Bxf7 15. Qd4 Bxc4 16. Qxc4 b5 17. Qd4 Qb7 18. d3 O-O-O 19. Re1 Ng4 20. Qxe4 Rhe8
21. f3 Rxe4 22. Rxe4 Ngf6 1/2-1/2

[Event "Challenge"]
[Site "http://www.queenalice.com/game.php?id=1435434"]
[Date "2016.8.9"]
[Round "-"]
[White "Gadou"]
[Black "Wefferson44"]
[Result "0-1"]
[WhiteElo "1555"]
[BlackElo "1744"]

1. e4 e5 2. Be2 Bc5 3. Nf3 Qf6 4. c3 g5 5. b4 Bb6 6. Bc4 g4 7. O-O gxf3 8. Qxf3
Qg6 9. g4 d5 10. Bxd5 Bxg4 11. Bxf7+ Qxf7 12. Qxg4 Nf6 13. Qc8+ Ke7 14. Qxh8
Qg6+ 15. Kh1 Ng4 16. Qc8 Nxf2+ 17. Rxf2 Bxf2 18. Qxc7+ Nd7 19. Qxb7 Qg1# 0-1

[Event "Olympian Amigos;)"]
[Site "http://www.queenalice.com/game.php?id=1436298"]
[Date "2016.8.15"]
[Round "-"]
[White "Gadou"]
[Black "Bategoll"]
[Result "1/2-1/2"]
[WhiteElo "1540"]
[BlackElo "1877"]

1. e4 e5 2. h3 d5 3. Bd3 d4 4. Nf3 Nc6 5. c3 Bc5 6. Qa4 Nf6 7. Bc4 O-O 8. Ng5 a6
9. Bxf7+ Kh8 10. Bc4 Qe7 11. b4 Ba7 12. b5 axb5 13. Bxb5 dxc3 14. Ba3 Bxf2+ 15.
Kxf2 Nxe4+ 16. Ke3 Nxg5 17. Bxe7 Nxe7 18. Qxa8 Nd5+ 19. Kd3 Bf5+ 20. Kc4 Rxa8
21. Kxd5 c6+ 22. Kxe5 Bxb1 23. Raxb1 cxd2 24. Bc4 h6 25. Rhd1 Re8+ 26. Kd6 h5
27. Rxb7 Re1 28. Rb8+ Kh7 29. Rxd2 Ne4+ 30. Kxc6 Nxd2 31. Bd3+ Kh6 32. Rh8+ Kg5
33. a4 Rg1 34. a5 Ra1 35. Rg8 Rxa5 36. Rxg7+ Kf4 37. h4 Ra3 38. Be2 Re3 39. Bxh5
Rg3 40. Rf7+ Ke5 41. Rf2 Nc4 42. Re2+ Kf4 43. Bf7 Ne5+ 44. Kc5 Nxf7 45. Rf2+ Ke3
46. Rxf7 Rxg2 47. h5 Rh2 48. Rf5 Ra2 49. Kc4 Ra4+ 50. Kb3 Rh4 51. Re5+ Kf4 52.
Rc5 Rh3+ 53. Kb4 Ke4 54. Rc4+ Ke5 55. Rg4 Rxh5 56. Kc4 Kf6 57. Kd4 Rh1 58. Rf4+
Ke6 59. Re4+ Kd6 1/2-1/2

[Event "Bategoll-2"]
[Site "http://www.queenalice.com/game.php?id=1437386"]
[Date "2016.8.23"]
[Round "3"]
[White "Bategoll"]
[Black "Gadou"]
[Result "1-0"]
[WhiteElo "1877"]
[BlackElo "1543"]

1. e4 e5 2. Nc3 a6 3. d3 Nc6 4. Nf3 h6 5. Be2 b5 6. O-O d6 7. Be3 f6 8. Nd5 Nge7
9. c4 Nd4 10. Nxd4 g6 11. Nf3 c6 12. Bb6 Qd7 13. Nxf6+ Kf7 14. Nxd7 Bxd7 15. Ba5
Kg7 16. b4 Rb8 17. c5 d5 18. Nxe5 h5 19. Nxd7 Rc8 20. Nxf8 Rcxf8 21. exd5 Nxd5
22. Bf3 h4 23. Bxd5 cxd5 24. Qg4 Rf6 25. Qd7+ Kh6 26. Qxd5 g5 27. Rfe1 Rhf8 28.
Re6 Kg6 29. Rxf6+ Rxf6 30. c6 Kh6 31. c7 Rf8 32. Qe6+ Kh5 33. c8=Q 1-0

[Event "Challenge"]
[Site "http://www.queenalice.com/game.php?id=1440603"]
[Date "2016.9.11"]
[Round "-"]
[White "Vin100"]
[Black "Gadou"]
[Result "1-0"]
[WhiteElo "1527"]
[BlackElo "1549"]

1. d4 d5 2. e3 a6 3. Bd3 g6 4. Ne2 Bh6 5. c4 Nf6 6. Nd2 O-O 7. O-O Ng4 8. h3 Nf6
9. e4 dxe4 10. Nxe4 Bxc1 11. Rxc1 Bf5 12. Nxf6+ exf6 13. Bxf5 g5 14. Nc3 Qd6 15.
c5 Qc6 16. b4 b5 17. d5 Qb7 18. Ne4 Rd8 19. d6 Nc6 20. a3 Ne5 21. a4 Nc4 22.
Nxf6+ Kg7 23. Nxh7 Ne3 24. fxe3 f6 25. Qd4 bxa4 26. Nxf6 Rf8 27. Ne4+ Kh6 28. c6
Qb5 29. Qc5 Qd3 30. g4 cxd6 31. Nxd6 Rf6 32. Bxd3 Raf8 33. Nf5+ Kg6 34. Ra1 Rc8
35. Rxa4 Rcxc6 36. Ne7+ Kf7 37. Qa7 Rc3 38. Nd5+ Ke6 39. Nxf6 Rxd3 40. Rxa6+ Ke5
41. Ra5+ Ke6 42. Qa6+ Kf7 43. Qxd3 Ke7 44. Ra6 Kf7 45. Qh7+ Kf8 46. Ra8# 1-0

[Event "Challenge"]
[Site "http://www.queenalice.com/game.php?id=1442849"]
[Date "2016.9.26"]
[Round "-"]
[White "Gadou"]
[Black "colonelkurtz"]
[Result "0-1"]
[WhiteElo "1532"]
[BlackElo "1264"]

1. e4 c6 2. c3 b5 3. b4 d6 4. a4 Bd7 5. a5 c5 6. bxc5 dxc5 7. Qf3 Bc6 8. Na3
Qxa5 9. Qf5 e6 10. Nxb5 Bxb5 11. Rxa5 exf5 12. Bxb5+ Nd7 13. Nh3 fxe4 14. Bc6
Rb8 15. Rxa7 Nf6 16. O-O Kd8 17. Re1 Rb1 18. Ng5 Rxc1 19. Nxf7+ Kc8 20. Nxh8
Rxe1# 0-1

[Event "dilma & Lula in jail"]
[Site "http://www.queenalice.com/game.php?id=1443246"]
[Date "2016.9.28"]
[Round "-"]
[White "Gadou"]
[Black "Bategoll"]
[Result "0-1"]
[WhiteElo "1553"]
[BlackElo "1847"]

1. e4 e5 2. d4 exd4 3. Qxd4 Nc6 4. Qd5 d6 5. Bc4 Be6 6. Qd3 Nf6 7. Bxe6 fxe6 8.
Bd2 e5 9. Nh3 Qd7 10. Ng5 h6 11. Qc4 hxg5 12. Bxg5 O-O-O 13. c3 Kb8 14. Na3 Be7
15. Qf7 d5 16. exd5 Qxd5 17. Rd1 Qxd1# 0-1

[Event "les choux fleurs"]
[Site "http://www.queenalice.com/game.php?id=1445527"]
[Date "2016.10.13"]
[Round "-"]
[White "Gadou"]
[Black "Vin100"]
[Result "0-1"]
[WhiteElo "1532"]
[BlackElo "1554"]

1. e4 e5 2. Qf3 Nf6 3. Bc4 d6 4. Qb3 Nxe4 5. Qb5+ c6 6. Qb3 d5 7. Bxd5 cxd5 8.
Qb5+ Nc6 9. Qd3 Be6 10. f3 Nc5 11. Qa3 e4 12. Qa4 Bd6 13. f4 Bxf4 14. g3 Bd6 15.
d3 Nxa4 0-1